000 00772nam a22002057a 4500
001 BD-DhSAU 3152
003 BD-DhSAU
005 20150204102808.0
008 150204b1984 bg a||||r|||| 000 0 ben d
040 _aBD-DhSAU
082 _222
_a৫৮১.০৪
_bসামাউ
100 _aসামাদ, এবনে গোলাম
245 _aউদ্ভিদ জীব রসায়ন /
_budvid zib-rasayan.
_cএবনে গোলাম সামাদ
260 _aঢাকা :
_bবাংলা একাডেমী ,
_c১৯৮৪.
300 _a২৪৯ পৃ. :
_bচিত্র ;
_c২২ সেমি।
590 _ajoy
650 _aউদ্ভিদবিজ্ঞান।
650 _aBotany.
650 _aজীব রসায়ন।
942 _2ddc
_cBOOK
999 _c3152
_d3152